000 01981cam a22005414i 4500
003 PE-LiUPU
005 20250731165356.0
008 110718s2011 mx 001 0 spa d
020 _a6070507924
020 _a9786070502231
035 _a(Sirsi) i9786070502231
040 _aPE-LiUPU
_bspa
_cPE-LiUPU
_erda
049 _aPRUA
082 0 4 _a001.4203
_bO73
_222
100 1 _aOrtiz Uribe, Frida Gisela,
_eautor.
245 1 0 _aDiccionario de metodología de la investigación científica /
_cFrida Gisela Ortiz Uribe.
250 _aTercera edición.
264 1 _aMéxico :
_bLimusa,
_c2011.
300 _a240 páginas ;
_c23 centímetros
336 _atext
_2rdacontent
337 _aunmediated
_2rdamedia
338 _avolume
_2rdacarrier
504 _aIncluye bibliografía.
505 0 _aDiccionario de metodología de la investigación científica de la letra A a letra Z.
520 _aAnte la necesidad de adquirir nuevos conocimientos y definiciones concisas, este diccionario expone una serie de conceptos que instruyen a estudiantes y docentes en la mejora del proceso de la investigación científica.
526 _aSEG44
526 _aSEG26
526 _aP151
526 _aP150
526 _aP149
526 _aP146
526 _aP145
526 _aP126
526 _aP125
526 _aP92
526 _aP75
526 _aP74
526 _aP27
526 _aP15
650 4 _aInvestigación
_xMetodología
_xDiccionarios.
910 _ajck
_bng
942 _2ddc
_cBOOK
949 _a001.4203 O73
_wDEWEY
_c1
_i70306
_lCCODEBUL1
_mBUL
_p41.00
_r0
_sY
_tBOOK
_u2015-7-30
_xSALUD
_PP22
_0COMPRA
_o.STAFF. Colección General
994 _aC0
_bPEPRU
596 _a1
999 _a001.4203 O73
_wDEWEY
_c6585
_i70306
_d6585
_f2021-11-4
_g6
_lCCODEBUL1
_mBUL
_p41.00
_q1
_r0
_sY
_tBOOK
_u2015-7-30
_xBIBLIOTECA
_PP22
_0COMPRA
_o.STAFF. Colección General
980 _81
_gALBERTO SANCHEZ Responsable de Automatización